Space, knowledge and power: Foucault and Geography
Gespeichert in:
| Weitere Verfasser: | , |
|---|---|
| Format: | Buch |
| Sprache: | Englisch |
| Veröffentlicht: |
London, UK
Routledge
2016
|
| Schlagworte: | |
| Tags: |
Tag hinzufügen
Keine Tags, Fügen Sie den ersten Tag hinzu!
|
MARC
| LEADER | 00000nam a22000007a 4500 | ||
|---|---|---|---|
| 003 | CL-VaPUC | ||
| 005 | 20201126001547.0 | ||
| 008 | 200318b ||||| |||| 00| 0 eng d | ||
| 999 | |c 422780 |d 422778 | ||
| 040 | |c Pontificia Universidad Católica de Valparaíso | ||
| 082 | 0 | 4 | |2 21 |a 910.01 CRA 2016 |
| 100 | 1 | |a Crampton, Jeremy W |e editor |9 737701 | |
| 245 | 1 | 0 | |a Space, knowledge and power: Foucault and Geography |
| 260 | 3 | |a London, UK |b Routledge |c 2016 | |
| 300 | |a 377 p | ||
| 505 | |a Part 1. Questions. Part 2. Francophone responses - 1977. Part 3. Anglophone responses - 2006. Part 4. Contexts. Part 5. Texts. Part 6. Development. | ||
| 583 | |c 20200318 |k Daniel Castañeda | ||
| 650 | 0 | 0 | |a Geografía |9 259346 |
| 650 | 0 | 0 | |a Filosofía de las ciencias |9 256466 |
| 700 | 1 | |a Elden, Stuart |e editor |9 737702 | |
| 942 | |2 ddc |c BK | ||
| 952 | |0 0 |1 0 |2 ddc |4 0 |6 910_010000000000000_CRA_2016 |7 0 |8 A |9 561662 |a BIBING |b BIBING |c GEN |d 2020-03-18 |i 5618010 |l 3 |o 910.01 CRA 2016 |p 5618010 |r 2025-01-20 |s 2022-06-30 |t 1 |w 2020-03-18 |y BK |k GEO | ||
| 952 | |0 0 |1 0 |2 ddc |4 0 |6 910_010000000000000_CRA_2016 |7 0 |8 A |9 561663 |a BIBING |b BIBING |c GEN |d 2020-03-18 |i 5618002 |o 910.01 CRA 2016 |p 5618002 |r 2025-01-20 |t 2 |w 2020-03-18 |y BK |k GEO | ||